| 000 | 01064nam0a2200241 4500 | ||
|---|---|---|---|
| 001 | RU\NLR\BIBL_A\010664882 | ||
| 005 | 20260405223840.0 | ||
| 035 | _a(NLR Aleph) 010664882 | ||
| 090 |
_a9581978 _c9581978 |
||
| 100 | _a20150204d1967 |||y0rusy50 ca | ||
| 101 | 0 | _asah | |
| 102 | _aRU | ||
| 105 | _ac z 000yy | ||
| 200 | 1 |
_aТөрөөбүт литературабыт _eVIII кыл. хрестоматията _fН. Е. Петров, Г. Г. Окороков оҥордулар |
|
| 210 |
_aЯкутскай _cСаха сиринээҕи кинигэ изд-вота _d1967 |
||
| 215 |
_a239,[1] с. _cпортр. _d20 |
||
| 606 | 1 |
_aЯкутская литература _jХрестоматии для средней школы _91743995 _3RU\NLR\AUTH\66780623 |
|
| 686 | 1 | _aШ5(2=Я) я72 | |
| 702 | 1 |
_4220 _8rus _7ca _aПетров _bН. Е. _cд-р филол. наук, тюрколог _f1929- _gНиколай Егорович _3RU\NLR\AUTH\77101998 _984924 |
|
| 852 |
_aNLR _bОНЛ _jЯкут./3-1503 |
||
| 942 | _cBOOK | ||
| 980 | _aNB | ||